[Event "Bad Woerishofen Seniors op 30th"]
[Site "Bad Woerishofen"]
[Date "2014.03.24"]
[Round "4"]
[White "Mittermaier, Walter"]
[Black "Klein, Reinhard"]
[Result "1/2-1/2"]
[WhiteElo "2104"]
[BlackElo "1927"]
[PlyCount "72"]
[EventDate "2014.03.21"]
[EventType "swiss"]
[EventRounds "9"]
[EventCountry "GER"]
[SourceTitle "EXT 2019"]
[Source "ChessBase"]
[SourceDate "2018.10.10"]
[SourceVersion "1"]
[SourceVersionDate "2018.10.10"]
[SourceQuality "1"]

1. d4 Nf6 2. Nf3 e6 3. c4 Bb4+ 4. Bd2 Qe7 5. a3 Bxd2+ 6. Qxd2 b6 7. e3 Bb7 8. Be2 Ne4 9. Qc2 0-0 10. Nc3 f5 11. Rd1 d6 12. 0-0 Nd7 13. d5 Nxc3 14. Qxc3 e5 15. Nd2 Rf6 16. Rfe1 Raf8 17. f4 e4 18. Nb3 Rh6 19. g3 a5 20. Nd4 Qf6 21. Rc1 Rc8 22. b4 c5 23. dxc6 Bxc6 24. Nxc6 Rxc6 25. Qxf6 Rxf6 26. Red1 Kf7 27. c5 bxc5 28. Bb5 Rc7 29. Bxd7 axb4 30. Bb5 bxa3 31. Bc4+ Ke7 32. Rc3 Rf8 33. Rxa3 Rb8 34. Ra6 Rd7 35. Rd2 g6 36. h4 h5 1/2-1/2

[Event "Augsburg op"]
[Site "Augsburg"]
[Date "2013.12.27"]
[Round "2"]
[White "Mittermaier, Walter"]
[Black "Bachhuber, Dominik"]
[Result "1/2-1/2"]
[WhiteElo "2121"]
[BlackElo "1893"]
[PlyCount "56"]
[EventDate "2013.12.27"]
[EventType "swiss"]
[EventRounds "7"]
[EventCountry "GER"]
[SourceTitle "CBM 158 Extra"]
[Source "ChessBase"]
[SourceDate "2014.02.28"]
[SourceVersion "1"]
[SourceVersionDate "2014.02.28"]
[SourceQuality "1"]

1. d4 Nf6 2. Nf3 g6 3. c4 Bg7 4. Nc3 d5 5. Qb3 e6 6. Bg5 dxc4 7. Qxc4 Nbd7 8. e4 h6 9. Bh4 g5 10. Bg3 c6 11. Be2 0-0 12. 0-0 Re8 13. Ne5 Nb6 14. Qd3 Qe7 15. Nc4 Rd8 16. Rfd1 c5 17. Bd6 Rxd6 18. Nxd6 Qxd6 19. e5 Qxd4 20. Qg3 Ne4 21. Rxd4 Nxg3 22. Rd8+ Kh7 23. hxg3 Bxe5 24. Rad1 Bd4 25. Nb5 e5 26. Nd6 Be6 27. Rxa8 Nxa8 28. b3 b6 1/2-1/2

[Event "GER-ch Seniors 21st"]
[Site "Dresden"]
[Date "2009.08.10"]
[Round "9"]
[White "Mittermaier, Walter"]
[Black "Reer, Erdmann"]
[Result "1/2-1/2"]
[WhiteElo "2131"]
[BlackElo "2067"]
[PlyCount "109"]
[EventDate "2009.08.03"]
[EventType "swiss"]
[EventRounds "9"]
[EventCountry "GER"]
[SourceTitle "CBM 131 Extra"]
[Source "ChessBase"]
[SourceDate "2009.09.03"]
[SourceVersion "2"]
[SourceVersionDate "2009.09.16"]
[SourceQuality "1"]

1. d4 d5 2. Nf3 Nf6 3. c4 c6 4. Nc3 dxc4 5. a4 Bf5 6. e3 e6 7. Bxc4 Bb4 8. 0-0 0-0 9. Bd2 Nbd7 10. Re1 a5 11. Nh4 Bg4 12. Qc2 Nd5 13. g3 Be7 14. Ng2 Nxc3 15. bxc3 h6 16. e4 e5 17. Ne3 Bh3 18. Be2 exd4 19. cxd4 Nf6 20. Bc3 Bd7 21. Nc4 Be6 22. Rab1 Bxc4 23. Bxc4 Qd7 24. Qb3 Rab8 25. Bxa5 Qxd4 26. Rbd1 Qe5 27. Bc3 Qc7 28. e5 Nd5 29. Bxd5 cxd5 30. Rxd5 Rfd8 31. Rb5 Rd3 32. Rc1 b6 33. Qb2 Bc5 34. Bb4 Rc8 35. Bxc5 bxc5 36. Qc2 c4 37. Qxd3 cxd3 38. Rxc7 Rxc7 39. Rd5 Ra7 40. Rxd3 Rxa4 41. Re3 Kf8 42. Kg2 Ke7 43. f4 g6 44. Kf3 h5 45. Rb3 Ra7 46. h3 Rc7 47. g4 hxg4+ 48. hxg4 f6 49. exf6+ Kxf6 50. Rb6+ Kg7 51. Rd6 Ra7 52. Rd4 Rb7 53. f5 gxf5 54. gxf5 Kf6 55. Kf4 1/2-1/2

[Event "GER-ch Seniors 21st"]
[Site "Dresden"]
[Date "2009.08.05"]
[Round "4"]
[White "Haletzki, Bernd"]
[Black "Mittermaier, Walter"]
[Result "1-0"]
[WhiteElo "1884"]
[BlackElo "2131"]
[PlyCount "38"]
[EventDate "2009.08.03"]
[EventType "swiss"]
[EventRounds "9"]
[EventCountry "GER"]
[SourceTitle "CBM 131 Extra"]
[Source "ChessBase"]
[SourceDate "2009.09.03"]
[SourceVersion "2"]
[SourceVersionDate "2009.09.16"]
[SourceQuality "1"]

1. e4 e5 2. Nf3 Nc6 3. Bb5 a6 4. Ba4 Nf6 5. 0-0 Be7 6. Re1 b5 7. Bb3 d6 8. c3 Na5 9. Bc2 c5 10. d4 Qc7 11. h3 0-0 12. Nbd2 cxd4 13. cxd4 Bb7 14. Nf1 Rac8 15. Bd3 Nc6 16. d5 Nb4 17. Ne3 Qxc1 18. Rxc1 Rxc1 19. Qxc1 Nxd3 1-0

[Event "GER-ch Seniors 21st"]
[Site "Dresden"]
[Date "2009.08.04"]
[Round "3"]
[White "Mittermaier, Walter"]
[Black "Reimann, Guenther"]
[Result "1-0"]
[WhiteElo "2131"]
[BlackElo "1985"]
[PlyCount "85"]
[EventDate "2009.08.03"]
[EventType "swiss"]
[EventRounds "9"]
[EventCountry "GER"]
[SourceTitle "CBM 131 Extra"]
[Source "ChessBase"]
[SourceDate "2009.09.03"]
[SourceVersion "2"]
[SourceVersionDate "2009.09.16"]
[SourceQuality "1"]

1. d4 e6 2. Nf3 f5 3. c4 Nf6 4. Nc3 Be7 5. g3 c6 6. Bg2 0-0 7. 0-0 d6 8. Re1 Na6 9. a3 Nc7 10. b4 Ne4 11. Qc2 Nxc3 12. Qxc3 Bf6 13. Bb2 Qe8 14. e4 fxe4 15. Rxe4 d5 16. Re2 Qh5 17. Rae1 Ne8 18. c5 Bd8 19. Ne5 Nf6 20. Bc1 Bc7 21. Bf4 g5 22. Bf3 g4 23. Nxg4 Nxg4 24. Bxg4 Qxg4 25. Bxc7 Bd7 26. Kg2 Rf7 27. f3 Qg6 28. f4 Rf5 29. Bd6 Rh5 30. Re5 h6 31. Qf3 Rxe5 32. Rxe5 Re8 33. h4 Kh7 34. g4 Rg8 35. Kh3 Rg7 36. h5 Qf6 37. Qe3 Qf7 38. Kh4 Qf6+ 39. g5 hxg5+ 40. fxg5 Qf1 41. g6+ Kh8 42. Kg3 Qh1 43. Bf8 1-0

[Event "Bad Woerishofen op 25th"]
[Site "Bad Woerishofen"]
[Date "2009.03.07"]
[Round "3"]
[White "Mittermaier, Walter"]
[Black "Weinwurm, Wolfgang"]
[Result "1-0"]
[WhiteElo "2141"]
[BlackElo "2167"]
[PlyCount "102"]
[EventDate "2009.03.05"]
[EventType "swiss"]
[EventRounds "9"]
[EventCountry "GER"]
[SourceTitle "CBM 129 Extra"]
[Source "ChessBase"]
[SourceDate "2009.05.05"]
[SourceVersion "2"]
[SourceVersionDate "2009.05.20"]
[SourceQuality "1"]

1. d4 Nf6 2. Nf3 g6 3. c4 Bg7 4. Nc3 0-0 5. e4 d6 6. Be2 e5 7. d5 a5 8. Bg5 h6 9. Bh4 g5 10. Bg3 Nh5 11. 0-0 Na6 12. Nd2 Nf4 13. Bg4 Nc5 14. Bxc8 Rxc8 15. f3 b6 16. Qc2 Qf6 17. a3 h5 18. b4 axb4 19. axb4 Ncd3 20. Ra4 h4 21. Bf2 Nxf2 22. Kxf2 h3 23. g4 c6 24. dxc6 Rxc6 25. b5 Rc5 26. Qb1 Rfc8 27. Rd1 Bf8 28. Ra6 Qd8 29. Na4 d5 30. exd5 Rxc4 31. Nxc4 Rxc4 32. d6 Rd4 33. Rxd4 exd4 34. Nxb6 Bxd6 35. Qe4 Bb8 36. Nc4 d3 37. Ke1 Qd7 38. Rc6 Qa7 39. Rc8+ Kg7 40. Rxb8 Qxb8 41. Qe5+ Qxe5+ 42. Nxe5 Nd5 43. Nxd3 Kf6 44. Nf2 Ke5 45. Nxh3 f6 46. Kd2 Nb6 47. Kd3 Nd5 48. Kc4 Kd6 49. Kd4 Nb4 50. f4 Nc2+ 51. Ke4 gxf4 1-0

[Event "Bayern-chB 79th"]
[Site "Bad Neustadt/Saale"]
[Date "2008.09.03"]
[Round "6"]
[White "Mittermaier, Walter"]
[Black "Haase, Reinhard"]
[Result "1/2-1/2"]
[WhiteElo "1975"]
[BlackElo "2053"]
[PlyCount "72"]
[EventDate "2008.08.30"]
[EventType "swiss"]
[EventRounds "9"]
[EventCountry "GER"]
[SourceTitle "EXT 2015"]
[Source "ChessBase"]
[SourceDate "2014.11.20"]
[SourceVersion "1"]
[SourceVersionDate "2014.11.20"]
[SourceQuality "1"]

1. d4 d5 2. Nf3 Nc6 3. Bf4 Bg4 4. Nbd2 e6 5. c3 Bd6 6. Bg3 Nf6 7. Ne5 Bxe5 8. dxe5 Nd7 9. Qa4 Bf5 10. Bh4 g5 11. Bg3 Qe7 12. e3 Nc5 13. Qa3 Nd3+ 14. Bxd3 Qxa3 15. bxa3 Bxd3 16. Nf3 h6 17. Nd2 0-0-0 18. f3 b6 19. Nb3 Ne7 20. Rd1 Bc4 21. Rd2 Ng6 22. Kf2 Rdg8 23. Re1 h5 24. h3 Ne7 25. e4 Ng6 26. exd5 Bxd5 27. a4 a5 28. Nd4 Rd8 29. Red1 Bc4 30. a3 Rd5 31. Nb5 Rhd8 32. Rxd5 Rxd5 33. Rxd5 Bxd5 34. Nd4 Kd7 35. Ke3 Ke7 36. Kd3 Kd7 1/2-1/2

[Event "Bad Woerishofen Seniors op 24th"]
[Site "Bad Woerishofen"]
[Date "2008.03.06"]
[Round "8"]
[White "Mittermaier, Walter"]
[Black "Goy, Udo"]
[Result "0-1"]
[WhiteElo "2164"]
[BlackElo "2282"]
[PlyCount "76"]
[EventDate "2008.02.28"]
[EventType "swiss"]
[EventRounds "9"]
[EventCountry "GER"]
[SourceTitle "EXT 2019"]
[Source "ChessBase"]
[SourceDate "2018.10.10"]
[SourceVersion "1"]
[SourceVersionDate "2018.10.10"]
[SourceQuality "1"]

1. d4 g6 2. Nf3 Bg7 3. c4 Nf6 4. g3 d5 5. cxd5 Nxd5 6. Bg2 0-0 7. 0-0 Nc6 8. Re1 Nb6 9. e3 e5 10. dxe5 Nxe5 11. Nxe5 Bxe5 12. Qc2 c6 13. Nc3 Bg7 14. e4 Be6 15. Bf4 Nc4 16. Rad1 Qa5 17. Bc1 h6 18. Na4 Qb4 19. b3 b5 20. bxc4 bxa4 21. Bf1 a3 22. Re3 Rfd8 23. Bxa3 Qa5 24. Red3 Rxd3 25. Rxd3 Rb8 26. Bc1 Kh7 27. Kg2 Qh5 28. Kg1 c5 29. Rb3 Rd8 30. Be2 Qe5 31. Kg2 f5 32. Re3 Qd6 33. Rd3 Bd4 34. Rb3 Rd7 35. Qd2 Qf8 36. Qf4 Rf7 37. Rb8 Qg7 38. f3 Be5 0-1

[Event "Bad Woerishofen Seniors op 24th"]
[Site "Bad Woerishofen"]
[Date "2008.03.03"]
[Round "5"]
[White "Reimann, Guenther"]
[Black "Mittermaier, Walter"]
[Result "0-1"]
[WhiteElo "1801"]
[BlackElo "1977"]
[PlyCount "86"]
[EventDate "2008.02.28"]
[EventType "swiss"]
[EventRounds "9"]
[EventCountry "GER"]
[SourceTitle "EXT 2022"]
[Source "ChessBase"]
[SourceDate "2021.10.06"]
[SourceVersion "1"]
[SourceVersionDate "2021.10.06"]
[SourceQuality "1"]

1. c4 e5 2. e3 Bc5 3. Nf3 d6 4. g3 Nc6 5. Bg2 f5 6. d3 a5 7. Nc3 Nf6 8. Qc2 0-0 9. 0-0 h6 10. Bd2 Qe7 11. Nd5 Qf7 12. Nxf6+ Qxf6 13. Rab1 a4 14. e4 Be6 15. Bc3 Bb6 16. Nd2 Qf7 17. b4 axb3 18. Qxb3 Ra7 19. Ra1 Rfa8 20. Qb2 Na5 21. Nb3 Nxb3 22. Qxb3 fxe4 23. Rfd1 exd3 24. Bd5 Bc5 25. a4 Bxd5 26. cxd5 c6 27. Rxd3 cxd5 28. Qd1 b6 29. Rxd5 Qd7 30. Qb3 Kh7 31. Qc2+ g6 32. h4 Rxa4 33. Rb1 h5 34. Qd1 Qe6 35. Rd2 e4 36. Qb3 Qc4 37. Qxc4 Rxc4 38. Bf6 Ra7 39. Bd8 Rb4 40. Rdb2 Rxb2 41. Rxb2 Kg8 42. Kf1 Rd7 43. Bxb6 Rb7 0-1

[Event "Bad Woerishofen Seniors op 24th"]
[Site "Bad Woerishofen"]
[Date "2008.02.29"]
[Round "2"]
[White "Mittermaier, Walter"]
[Black "Oser, Thor"]
[Result "0-1"]
[WhiteElo "2164"]
[BlackElo "1869"]
[PlyCount "51"]
[EventDate "2008.02.28"]
[EventType "swiss"]
[EventRounds "9"]
[EventCountry "GER"]
[SourceTitle "EXT 2019"]
[Source "ChessBase"]
[SourceDate "2018.10.10"]
[SourceVersion "1"]
[SourceVersionDate "2018.10.10"]
[SourceQuality "1"]

1. d4 d5 2. c4 e6 3. Nc3 c6 4. g3 Bd6 5. Nf3 Nd7 6. Bg2 h6 7. 0-0 Ngf6 8. a3 0-0 9. c5 Bc7 10. Bf4 Re8 11. Ne5 g5 12. Nxd7 gxf4 13. Nxf6+ Qxf6 14. g4 e5 15. e3 Qh4 16. h3 h5 17. exf4 exf4 18. f3 Bd7 19. Re1 Re3 20. Rxe3 fxe3 21. Ne2 hxg4 22. fxg4 f5 23. Qd3 Qg5 24. h4 Qxh4 25. gxf5 Qf2+ 26. Kh1 0-1

[Event "Niedersachsen-ch Seniors op 10th"]
[Site "Bad Bevensen"]
[Date "2007.07.08"]
[Round "6"]
[White "Reinke, Kurt"]
[Black "Mittermaier, Walter"]
[Result "1/2-1/2"]
[WhiteElo "1861"]
[BlackElo "1985"]
[PlyCount "47"]
[EventDate "2007.07.03"]
[EventType "swiss"]
[EventRounds "9"]
[EventCountry "GER"]
[SourceTitle "EXT 2022"]
[Source "ChessBase"]
[SourceDate "2021.10.06"]
[SourceVersion "1"]
[SourceVersionDate "2021.10.06"]
[SourceQuality "1"]

1. d4 Nf6 2. c4 g6 3. Nc3 d5 4. cxd5 Nxd5 5. e4 Nxc3 6. bxc3 c5 7. Bb5+ Bd7 8. Be2 Bg7 9. Nf3 0-0 10. 0-0 Nc6 11. Be3 cxd4 12. cxd4 Bg4 13. d5 Ne5 14. Rb1 Nxf3+ 15. Bxf3 Bxf3 16. Qxf3 Qd7 17. Bf4 Rac8 18. Qb3 b6 19. e5 Qf5 20. Qe3 Rc4 21. Bg3 Re4 22. Qa3 Bxe5 23. Qxa7 Bxg3 24. hxg3 1/2-1/2

[Event "Niedersachsen-ch Seniors op 10th"]
[Site "Bad Bevensen"]
[Date "2007.07.07"]
[Round "5"]
[White "Mittermaier, Walter"]
[Black "Schwanke, Gerhard"]
[Result "1-0"]
[WhiteElo "1985"]
[BlackElo "1744"]
[PlyCount "45"]
[EventDate "2007.07.03"]
[EventType "swiss"]
[EventRounds "9"]
[EventCountry "GER"]
[SourceTitle "EXT 2022"]
[Source "ChessBase"]
[SourceDate "2021.10.06"]
[SourceVersion "1"]
[SourceVersionDate "2021.10.06"]
[SourceQuality "1"]

1. d4 Nf6 2. c4 c5 3. d5 e6 4. Nc3 exd5 5. cxd5 d6 6. e4 g6 7. f4 Bg7 8. Nf3 0-0 9. Bd3 a6 10. a4 Qc7 11. 0-0 Re8 12. e5 Nfd7 13. e6 Nf6 14. exf7+ Kxf7 15. f5 Bxf5 16. Ng5+ Kg8 17. Bxf5 gxf5 18. Ne6 Qf7 19. Rxf5 Rxe6 20. dxe6 Qxe6 21. Qf1 Nc6 22. Bg5 Re8 23. Bxf6 1-0

[Event "Niedersachsen-ch Seniors op 10th"]
[Site "Bad Bevensen"]
[Date "2007.07.03"]
[Round "1"]
[White "Mittermaier, Walter"]
[Black "Gruebling, Karl Heinz"]
[Result "1-0"]
[WhiteElo "1985"]
[BlackElo "1616"]
[PlyCount "57"]
[EventDate "2007.07.03"]
[EventType "swiss"]
[EventRounds "9"]
[EventCountry "GER"]
[SourceTitle "EXT 2022"]
[Source "ChessBase"]
[SourceDate "2021.10.06"]
[SourceVersion "1"]
[SourceVersionDate "2021.10.06"]
[SourceQuality "1"]

1. d4 Nf6 2. c4 e6 3. Nc3 Bb4 4. Qc2 0-0 5. Nf3 d5 6. e3 c5 7. a3 cxd4 8. axb4 dxc3 9. bxc3 dxc4 10. Bxc4 Qc7 11. Qb3 Bd7 12. Be2 Nc6 13. Bb2 Ne5 14. Nxe5 Qxe5 15. c4 Qf5 16. 0-0 Bc6 17. f3 Rfd8 18. Rfd1 Qg5 19. Rxd8+ Rxd8 20. Rxa7 b5 21. cxb5 Bxb5 22. Ra5 Rb8 23. Bxb5 Nd5 24. f4 Qg4 25. Be5 Rc8 26. Ra1 f6 27. Bd4 h5 28. Bd7 Qe2 29. Bxe6+ 1-0

[Event "Bad Woerishofen Seniors opA 23rd"]
[Site "Bad Woerishofen"]
[Date "2007.03.11"]
[Round "4"]
[White "Blosze, Winfried"]
[Black "Mittermaier, Walter"]
[Result "0-1"]
[WhiteElo "1789"]
[BlackElo "1985"]
[PlyCount "76"]
[EventDate "2007.03.08"]
[EventType "swiss"]
[EventRounds "9"]
[EventCountry "GER"]
[SourceTitle "EXT 2022"]
[Source "ChessBase"]
[SourceDate "2021.10.06"]
[SourceVersion "1"]
[SourceVersionDate "2021.10.06"]
[SourceQuality "1"]

1. e4 e5 2. Nf3 Nc6 3. Bb5 a6 4. Bxc6 dxc6 5. 0-0 Bd6 6. d4 f6 7. dxe5 Bxe5 8. Qxd8+ Kxd8 9. Nxe5 fxe5 10. Bd2 Nf6 11. f3 Re8 12. c4 c5 13. Be3 b6 14. Nc3 c6 15. Rfd1+ Kc7 16. Na4 a5 17. Rd3 Be6 18. b3 Rad8 19. Rad1 Rxd3 20. Rxd3 h6 21. Kf2 Nd7 22. Ke2 Rf8 23. Nc3 Rf6 24. Bf2 b5 25. cxb5 c4 26. Rd2 cxb3 27. bxc6 Bc4+ 28. Ke1 Rxc6 29. axb3 Bxb3 30. Nd5+ Kb7 31. Rb2 a4 32. Kd2 h5 33. Bh4 Nc5 34. Be7 a3 35. Rb1 a2 36. Rg1 Bxd5 37. exd5 Nb3+ 38. Kd3 Rc1 0-1

[Event "Bad Woerishofen Seniors opA 23rd"]
[Site "Bad Woerishofen"]
[Date "2007.03.10"]
[Round "3"]
[White "Mittermaier, Walter"]
[Black "Ganslmayer, Herbert"]
[Result "1-0"]
[WhiteElo "1985"]
[BlackElo "1711"]
[PlyCount "75"]
[EventDate "2007.03.08"]
[EventType "swiss"]
[EventRounds "9"]
[EventCountry "GER"]
[SourceTitle "EXT 2022"]
[Source "ChessBase"]
[SourceDate "2021.10.06"]
[SourceVersion "1"]
[SourceVersionDate "2021.10.06"]
[SourceQuality "1"]

1. d4 d5 2. c4 e6 3. Nc3 f5 4. g3 c6 5. Bg2 Bd6 6. c5 Bc7 7. Bf4 Nf6 8. Bxc7 Qxc7 9. f4 Nbd7 10. Nf3 Ne4 11. 0-0 Ndf6 12. Ne5 0-0 13. Qc2 Bd7 14. b4 a6 15. Bxe4 fxe4 16. g4 Be8 17. e3 Nd7 18. Ne2 Nxe5 19. fxe5 Bg6 20. Nf4 Qe7 21. Qg2 Qg5 22. Qg3 Rae8 23. h4 Qe7 24. Rf2 Bf7 25. g5 g6 26. Nh3 Rb8 27. Rf6 b6 28. Nf2 bxc5 29. bxc5 Qb7 30. Ng4 Qb2 31. Raf1 Kg7 32. Nh6 Rb7 33. Qf4 Qe2 34. Rxf7+ Rfxf7 35. Qxf7+ Rxf7 36. Rxf7+ Kh8 37. Rf8+ Kg7 38. Rg8# 1-0